[Event "38th Olympiad"]
[Site "Dresden GER"]
[Date "2008.11.20"]
[Round "7"]
[White "Meier,P SEY"]
[Black "Yueh Wei Po"]
[Result "1/2-1/2"]
[WhiteElo "2002"]
[BlackElo "1920"]
[EventDate "2008.11.13"]

1. e4 c5 2. Nf3 d6 3. d4 cxd4 4. Nxd4 Nf6 5. Nc3 a6 6. Be2 e5 7. Nb3 Be7 8.
Be3 Be6 9. Qd2 Nbd7 10. O-O-O b5 11. f3 b4 12. Na4 d5 13. exd5 Nxd5 14. Kb1
Nxe3 15. Qxe3 Qc7 16. Rxd7 Bxd7 17. Nb6 Qa7 18. Qe4 Rd8 19. Nxd7 Rxd7 20.
Qxe5 O-O 21. Qa5 Rfd8 22. Bd3 Rd5 23. Qa4 a5 24. Re1 g6 25. Qc6 Qd7 26.
Qxd7 R8xd7 27. Nd2 Bf6 28. Nc4 Re7 29. Rf1 Rc5 30. f4 Kg7 31. Nd2 Rc8 32.
Nf3 a4 33. h4 a3 34. b3 Rce8 35. Rh1 h5 36. Kc1 Bc3 37. Kd1 Rd8 38. Rf1 Re3
39. Kc1 Rde8 40. Kd1 R3e7 41. Rh1 Bf6 42. Kd2 Bc3+ 43. Kd1 Rd8 44. Rf1 Rd6
45. Ng5 Rd4 46. Nh3 f6 47. Ng1 Rxf4 48. Nf3 g5 49. hxg5 fxg5 50. Rh1 g4 51.
Nd2 Bxd2 52. Kxd2 Rf2+ 53. Kd1 Rxg2 54. Rxh5 g3 55. Rb5 Rg1+ 56. Kd2 g2 57.
Rg5+ Kf6 58. Rf5+ Kg7 59. Rg5+ Kh6 60. Rg6+ Kh5 61. Rg8 Re5 62. Be2+ Kh4
63. Rh8+ Kg3 64. Rg8+ Kf4 65. Rg4+ Kf5 66. Rg8 Re7 67. Bf3 Rf1 68. Bxg2
Rf2+ 69. Kd3 Ree2 70. Be4+ Ke5 71. Re8+ Kd6 1/2-1/2